000 01358cam a22003737a 4500
003 CHAP
005 20220329140133.0
008 971013s1977 r 00010 d
010 _a47500
011 _a48472
035 _a52618
040 _cCHAP
090 _aTesis
100 0 0 _aReyes González, Jorge.
_996848
245 0 _aPrueba de adaptación y rendimiento de 49 variedades de frijol (Phaseolus vulgaris L.) en General Escobedo, N. L., ciclo tardío 1976
260 _aMonterrey, N. L. :
_bEl autor,
_c1977
300 _a78 h.
502 _aTesis (Ing. Agr. Zootecnista) -- Universidad Autónoma de Nuevo León. Facultad de Agronomía
590 _aALEPH
_b10
_c20130110
_lUCH01
_h1317
590 _aBATCH-UPD
_b10
_c20130109
_lUCH01
_h2359
590 _aBATCH-UPD
_b10
_c20130110
_lUCH01
_h1429
590 _aBATCH-UPD
_b10
_c20130409
_lUCH01
_h1934
590 _aBATCH-UPD
_b10
_c20130410
_lUCH01
_h0907
590 _aBATCH-UPD
_b10
_c20130914
_lUCH01
_h1441
590 _aCONVERSION
_b10
_c20130109
_lUCH01
_h1326
650 1 4 _aFrijol
_xNuevo León.
_943413
650 1 4 _aFrijol
_xRendimiento.
_943429
650 1 4 _aFrijol
_xVariedades.
_943446
901 _aBK
942 _cFOLL
949 _bBC
_cTES
_d-117125
_eTS1
_i52618
_si
949 _bBC
_cTES
_d-117126
_eTS2
_fc.2
_h72439
_i52618
_si
949 _bBC
_cTES
_d33724002013090
_eTS2
_fc.3
_h72432
_i52618
_sb
999 _c47500
_d47500